Valerian Kujbyšev v Samare: mif stalinskoj epochy

Bibliographic Details
Main Author: Jerofejev, Valerij Viktorovič (Author)
Format: Book
Language:Russian
PhysicalDescription:151 s. faks., fotogr. 20 cm
Published: Samara Samarskoje otdelenije Literaturnogo fonda Rossii c2004
ISBN:5840200921
Subjects:

MARC

LEADER 00000nam a2200000 a 4500
001 vtls008829207
003 SK-MaSNL
005 20260301205621.0
008 240318s2004 ru ho g h 000 0brus
020 |a 5840200921  |q (brož.) 
040 |a SNK  |b slo  |c SNK  |e AACR2 
041 0 |a rus 
043 |a e-ru--- 
044 |a ru  |c RU 
072 7 |a 929  |x Biografie  |2 konspekt 
072 7 |a 94(47)  |x Dejiny krajín východnej Európy  |2 konspekt 
080 |a 316.344.32  |2 2001 
080 |a 323.272-051  |2 2001 
080 |a (092)  |2 2001 
080 |a (47+57)  |2 2001 
100 1 |a Jerofejev, Valerij Viktorovič  |4 aut  |9 591975 
245 1 0 |a Valerian Kujbyšev v Samare: mif stalinskoj epochy  |c Valerij Jerofejev 
260 |a Samara  |b Samarskoje otdelenije Literaturnogo fonda Rossii  |c c2004 
300 |a 151 s.  |b faks., fotogr.  |c 20 cm 
504 |a Obsahuje bibliogr. 
600 1 7 |a Kujbyšev, Valerian Vladimirovič,  |d 1888-1935  |2 SNKMA  |9 591976 
650 0 7 |a intelektuáli  |2 SNKPH  |9 4873 
650 0 7 |a revolucionári  |2 SNKPH  |9 4842 
651 7 |a Samara (Rusko)  |2 SNKPH  |9 53057 
655 7 |a biografie  |2 SNKPH  |9 27965 
919 |a 5-8402-0092-1 
999 |c 910813  |d 912743 
952 |a SNK  |b SNK  |y VYP  |7 0  |p 17A0526600  |o snkID 97676  |i snk2006/20700  |8 2  |g 3.32  |0 0  |1 0  |4 0  |d 2006-07-07  |l 0  |r 2026-02-24 07:42:36  |w 2026-02-24